|
|
|
|
| LEADER |
00950nam a2200241 a 4500 |
| 001 |
14242919 |
| 008 |
091022s2004 bg bl 001 0 eng d |
| 010 |
|
|
|a 2006345164
|
| 020 |
|
|
|a 9843216946
|
| 040 |
|
|
|a DLC
|c DLC
|d DLC
|
| 082 |
|
|
|a 345.4954
|2 22
|
| 100 |
1 |
|
|a Malik, Shahdeen.
|
| 245 |
1 |
4 |
|a The Children Act, 1974 :
|b a critical commentary /
|c Shahdeen Malik.
|
| 260 |
|
|
|a Dhaka :
|b Save the Children UK,
|c 2004.
|
| 300 |
|
|
|a ix, 210 p. ;
|c 24 cm.
|
| 504 |
|
|
|a Includes bibliographical references (p. 208-210) and indexes.
|
| 541 |
1 |
|
|e 00014018
|
| 650 |
|
0 |
|a Juvenile justice, Administration of
|z Bangladesh.
|
| 610 |
1 |
0 |
|a Bangladesh.
|t Children Act, 1974.
|
| 710 |
1 |
|
|a Bangladesh.
|t Children Act, 1974.
|
| 852 |
4 |
|
|a Ayesha Abed Library
|j General Shelf
|
| 999 |
|
|
|c 5073
|d 5073
|
| 952 |
|
|
|0 0
|1 0
|2 ddc
|4 0
|6 345_495400000000000_MAL_2004
|7 0
|9 4915
|a BRACUL
|b BRACUL
|c GEN
|d 2009-11-03
|g 130.00
|l 7
|m 7
|o 345.4954 MAL
|p 3010014018
|r 2025-04-09
|s 2025-03-23
|t 1
|w 2009-11-03
|y BK
|